Notas sobre la teoría de la distribución y la teoría de la demanda de los factores de la producción (Registro nro. 24812)

Detalles MARC
000 -LEADER
fixed length control field 00413 a2200121 4500
001 - CONTROL NUMBER
control field ART_10917
005 - DATE AND TIME OF LATEST TRANSACTION
control field 20260410161849.0
008 - FIXED-LENGTH DATA ELEMENTS--GENERAL INFORMATION
fixed length control field 260409a
100 1# - MAIN ENTRY--PERSONAL NAME
Personal name Porto, Alberto
245 10 - TITLE STATEMENT
Title Notas sobre la teoría de la distribución y la teoría de la demanda de los factores de la producción
700 1# - ADDED ENTRY--PERSONAL NAME
Personal name Berra, Juan C.
773 0# - HOST ITEM ENTRY
Title Económica
Related parts - Año XVII, Nº 3 (sep./dic.1971)
Record control number REV7541

No hay ítems disponibles.